00694nam a2200205 i 4500001000300000100002600003245009200029260002100121490003900142700002400181830003500205040000800240041000800248080002000256942000700276008004100283999001700324856009800341952004900439bg1 aBIELICKA, Lucyna Anna 0aWprowadzenie do teorii języków informacyjnych /cL.A. Bielicka, Eugeniusz Ścibor. aWarszawa,c1981.1 aMateriały Szkoleniowe CINTE ;v211 aŚCIBOR, Eugeniusz aMateriały Szkoleniowe CINTE ; cBPK apol a002.513.5:025.4 cKS s pl f |000 0 pol  c23580d23580 uhttp://koha.tu.koszalin.pl/cgi-bin/koha/opac-detail.pl?biblionumber=23580yKatalog online BPK 00104070aBPKbBPKcwo33734p02188843yKS